000
00253nam a2200097Ia 4500
001
904507
005
20250826184933.0
008
250824s9999 xx 000 0 und d
245
0
_a
ŞARK IN KANDİLİ
_c
Yazar Adı Belirtilmemiş
260
_b
KETEBE YAYINLARI
999
_c
904507
_d
904507